000 00857nam a22002777a 4500
001 BR0603660
003 BR-BrBNA
005 20230928102238.0
007 ta
008 230509b bl.||||| |||| 00| 0 por d
040 _aBR-BrBNA
_bpor
_cBiblioteca Nacional de Agricultura
041 _a(Por)
072 _aD50; E12
090 _ D50 BR0603660
110 1 _aFederação da Agricultura e Pecuária do Estado de Minas Gerais, Belo Horizonte (Brasil)
_94700
245 1 _aObrigações trabalhistas do empregador rural; à luz da doutrina e jurisprudência dominantes
260 3 _aBelo Horizonte, MG (Brasil):
_c2002.
300 _a63 p.
650 _aTRABALHADOR RURAL
650 _aLEGISLAÇÃO TRABALHISTA
650 _aCONTRATO
650 _aEMPREGO
650 _aDIREITO DO TRABALHO
909 _a202309
_bLucia
_c55
_dLucia Elande
942 _cBK
999 _c69824
_d69824